000 00515nam a22001697a 4500
005 20251108173039.0
008 250721s1999 xx 000 0 ara d
082 1 4 _a810.63/ عنا
100 1 _aعناني، محمد زكريا
245 1 0 _aتاريخ الأدب الأندلسي /
264 1 _aالقاهرة :
_bدار المعرفة الجامعية،
_c1999.
300 _a238ص.
650 1 7 _aالأدب العربي
650 1 7 _aالتاريخ الأندلسي
942 _2ddc
_cBK
999 _c94829
_d94829